Thác rừng; Miền đất mặt trời; Mảnh đất lắm người nhiều ma : Tập truyện ngắn; Truyện; Tiểu thuyết

में बचाया:
ग्रंथसूची विवरण
मुख्य लेखक: Nguyễn, Khắc Trường
स्वरूप: पुस्तक
भाषा:Undetermined
प्रकाशित: Hà Nội Hội Nhà văn 2014
विषय:
टैग : टैग जोड़ें
कोई टैग नहीं, इस रिकॉर्ड को टैग करने वाले पहले व्यक्ति बनें!
Thư viện lưu trữ: Trung tâm Học liệu Trường Đại học Cần Thơ
LEADER 00768nam a2200205Ia 4500
001 CTU_210026
008 210402s9999 xx 000 0 und d
082 |a 895.922334 
082 |b Tr561 
100 |a Nguyễn, Khắc Trường 
245 0 |a Thác rừng; Miền đất mặt trời; Mảnh đất lắm người nhiều ma : 
245 0 |b Tập truyện ngắn; Truyện; Tiểu thuyết 
245 0 |c Nguyễn Khắc Trường 
260 |a Hà Nội 
260 |b Hội Nhà văn 
260 |c 2014 
650 |a Vietnamese literature,Văn học Việt Nam 
650 |y 20th century,Thế kỷ 20 
904 |i Trần Thu Thảo, Trúc 
980 |a Trung tâm Học liệu Trường Đại học Cần Thơ